Impact of Selected Determinants of Corporate Governance of Financial Performance of Companies
Preskúmanie a porovnanie vplyvu vybraných finančných a nefinančných determinantov predstavujúcich záujmy corporate governance na finančnú výkonnosť podniku.
Salvato in:
| Autore principale: | |
|---|---|
| Natura: | Capitolo di libro |
| Lingua: | inglese |
| Soggetti: | |
| Tags: |
Nessun Tag, puoi essere il primo ad aggiungerne!!
|
MARC
| LEADER | 00000naa a2200000 4500 | ||
|---|---|---|---|
| 001 | 0272121 | ||
| 005 | 20241031115942.1 | ||
| 041 | 0 | |a eng | |
| 044 | |a SK | ||
| 245 | 1 | 0 | |a Impact of Selected Determinants of Corporate Governance of Financial Performance of Companies |c Janka Grofčíková |
| 520 | |a Preskúmanie a porovnanie vplyvu vybraných finančných a nefinančných determinantov predstavujúcich záujmy corporate governance na finančnú výkonnosť podniku. | ||
| 610 | 2 | 0 | |a správa podniku |
| 610 | 2 | 0 | |a organizácia podniku |
| 610 | 2 | 0 | |a výkonnosť |
| 610 | 2 | 0 | |a výkonnosť finančná |
| 610 | 2 | 0 | |a financie podnikové |
| 610 | 2 | 0 | |a globalizácia |
| 610 | 2 | 0 | |a stakeholder |
| 100 | 1 | |a Grofčíková, Janka | |